| 000 | 01696nam a2200181Ia 4500 | ||
|---|---|---|---|
| 008 | 151202s9999||||xx |||||||||||||| ||und|| | ||
| 082 | _bPNVM-124027 | ||
| 100 | _aकश्यपप्रजापति/भाषांतर-शिंत्रे शिवरामशास्त्री एल्फिंन्स्टन कॉलेज मुंबई. | ||
| 245 | _aवेदाङ्गनिघण्टु संस्कृत मराठी वैदिक मराठी कोष श्रीवेदाङ्गार्थंचन्द्रिका भाग 4. | ||
| 260 | _bशिंत्रे शिवरामशास्त्री जयराम कानजी नवी चाळ 58 मुगभाट मुंबई. | ||
| 260 | _c1937 | ||
| 300 | _a80 | ||
| 600 | _aकश्यपप्रजापति/भाषांतर-शिंत्रे शिवरामशास्त्री एल्फिंन्स्टन कॉलेज मुंबई. | ||
| 630 | _aवेदाङ्गनिघण्टु संस्कृत मराठी वैदिक मराठी कोष श्रीवेदाङ्गार्थंचन्द्रिका भाग 4. | ||
| 700 | _aकश्यपप्रजापति/भाषांतर-शिंत्रे शिवरामशास्त्री एल्फिंन्स्टन कॉलेज मुंबई. | ||
| 730 | _aवेदाङ्गनिघण्टु संस्कृत मराठी वैदिक मराठी कोष श्रीवेदाङ्गार्थंचन्द्रिका भाग 4. | ||
| 942 | _cBOOK | ||
| 999 |
_c1354156 _d1354153 |
||